Statistics for Longest US State Capital City Names

Click here to take the quiz!

General Stats

  • This quiz has been taken 280 times
  • The average score is 9 of 15

Answer Stats

LettersCity% Correct
12Indianapolis
77%
13Jefferson City
76%
11Tallahassee
75%
12Oklahoma City
74%
10Sacramento
72%
12Salt Lake City
67%
10Baton Rouge
61%
10Carson City
58%
10Montpelier
55%
10Montgomery
53%
11Springfield
51%
10Harrisburg
49%
10Providence
49%
10Little Rock
47%
10Charleston
41%

Score Distribution

Percentile by Number Answered

Percent of People with Each Score

Your Score History

You have not taken this quiz